Beszterce ostroma ( egy különc ember története )

Podrobná bibliografia
Hlavný autor: Mikszáth, Kálmán, 1847-1910 (Autor)
Médium: Kniha
Jazyk:angličtina
Fyzický popis:313 s.
Vydavateľské údaje: Budapest Lampel Róbert [ 1930 ]

MARC

LEADER 00000nam a2200000 a 4500
001 vtls008187534
003 SK-MaSNL
005 20260302074055.0
008 240318 000 0 eng
040 |a SNK  |b slo  |c SNK  |e AACR2 
100 1 |a Mikszáth, Kálmán,  |d 1847-1910  |4 aut  |9 89516 
245 1 0 |a Beszterce ostroma  |b ( egy különc ember története ) 
260 |a Budapest  |b Lampel Róbert  |c [ 1930 ] 
300 |a 313 s. 
999 |c 1163580  |d 1165510 
952 |a SNK  |b SNK  |y PREZ  |7 0  |p 17A0481076  |o snkSE 7064  |i snkF 1900/81  |3 rekatalogizácia  |0 0  |1 0  |4 0  |d 2005-08-02  |l 0  |r 2026-02-24 20:40:45  |w 2026-02-24